[Event "AniCup, A-Gruppe"]
[Site "Hamburg"]
[Date "2004.12.27"]
[Round "1"]
[White "Murdzia, Peter"]
[Black "Buchheister, Benjamin"]
[Result "1-0"]
[WhiteElo "2454"]
[BlackElo "1998"]
[PlyCount "59"]
[EventDate "2000.??.??"]

1. e4 e6 2. d4 d5 3. Nd2 Nf6 4. e5 Nfd7 5. Bd3 c5 6. c3 Nc6 7. Ne2 cxd4 8. cxd4
Qb6 9. Nf3 f6 10. exf6 Nxf6 11. O-O Bd6 12. b3 O-O 13. Bb2 Bd7 14. Ng3 Rae8 15.
Ne5 Bc8 16. Rc1 Re7 17. Kh1 Ne4 18. Bxe4 dxe4 19. Nxc6 bxc6 20. Nxe4 Bf4 21.
Ba3 Rd7 22. Bxf8 Kxf8 23. Nc5 Rd5 24. Rc3 Qb4 25. Rf3 e5 26. Nd3 Qxd4 27. Nxf4
Qxd1 28. Nxd5+ Qxf3 29. gxf3 cxd5 30. Re1 1-0

[Event "AniCup, A-Gruppe"]
[Site "Hamburg"]
[Date "2004.12.27"]
[Round "1"]
[White "Denker, Stephan"]
[Black "Van Delft, Merijn"]
[Result "1-0"]
[WhiteElo "1866"]
[BlackElo "2385"]
[PlyCount "67"]
[EventDate "2000.??.??"]

1. e4 c5 2. Nc3 Nc6 3. f4 g6 4. Nf3 Bg7 5. Bc4 e6 6. f5 Nge7 7. fxe6 dxe6 8. d3
O-O 9. O-O h6 10. Qe1 Na5 11. Qh4 Nec6 12. Bg5 f6 13. Bxh6 Nd4 14. Rad1 a6 15.
a3 b5 16. Ba2 Nxc2 17. e5 fxe5 18. Qg4 Ra7 19. Bxe6+ Kh8 20. Nxe5 Qd4+ 21. Qxd4
cxd4 22. Nxg6+ Kh7 23. Nxf8+ Kxh6 24. Bxc8 dxc3 25. Ne6 Ne3 26. Nxg7 Nxd1 27.
Nf5+ Kg6 28. Rxd1 c2 29. Rc1 Rc7 30. Be6 Kf6 31. Nd4 Ke5 32. Rxc2 Rxc2 33. Nxc2
Kxe6 34. Nb4 1-0

[Event "AniCup, A-Gruppe"]
[Site "Hamburg"]
[Date "2004.12.27"]
[Round "1"]
[White "Hebbinghaus, Holger"]
[Black "Bildat, Jürgen"]
[Result "1-0"]
[WhiteElo "2343"]
[BlackElo "2175"]
[PlyCount "49"]
[EventDate "2000.??.??"]

1. e4 c5 2. Nc3 a6 3. g3 b5 4. Bg2 Bb7 5. d3 d6 6. f4 e6 7. Nf3 Nf6 8. O-O Be7
9. h3 O-O 10. g4 Qc7 11. f5 Nc6 12. Ne2 e5 13. Ng3 Na5 14. g5 Nd7 15. f6 gxf6
16. Nf5 Bd8 17. gxf6 Bxf6 18. Bh6 Rfd8 19. Ng5 Nf8 20. Qh5 Ng6 21. Bg7 Bxg5 22.
Qxg5 Bc8 23. Qf6 Bxf5 24. Bh6 Qe7 25. Qg7# 1-0

[Event "AniCup, A-Gruppe"]
[Site "Hamburg"]
[Date "2004.12.27"]
[Round "1"]
[White "Meyner, Hannes"]
[Black "Hermesmann, Hans"]
[Result "1-0"]
[WhiteElo "1969"]
[BlackElo "2300"]
[PlyCount "103"]
[EventDate "2000.??.??"]

1. d4 Nf6 2. Nf3 c5 3. d5 e6 4. c4 exd5 5. cxd5 d6 6. Nc3 g6 7. Nd2 Bg7 8. e4
O-O 9. Be2 b6 10. a4 Ba6 11. Nb5 Re8 12. f3 Nh5 13. O-O Bxb5 14. axb5 Bd4+ 15.
Kh1 Ng3+ 16. hxg3 Qg5 17. f4 Qh6+ 18. Bh5 gxh5 19. Qf3 f5 20. e5 Nd7 21. Nc4
dxe5 22. fxe5 Qg7 23. e6 Ne5 24. Nxe5 Bxe5 25. Bf4 Bxb2 26. Ra2 Rad8 27. Qe2
Bd4 28. d6 Qf6 29. Re1 Bc3 30. d7 Bxe1 31. dxe8=Q+ Rxe8 32. Qxe1 Rxe6 33. Re2
Kf7 34. Rxe6 Qxe6 35. Qd2 Kg6 36. Qd8 h6 37. Qh8 Kf7 38. Qh7+ Ke8 39. Bxh6 h4
40. Qh8+ Kd7 41. Qg7+ Ke8 42. Qh8+ Kd7 43. Qg7+ Ke8 44. Bf4 hxg3 45. Qxg3 Qf7
46. Qe3+ Kd7 47. Qd3+ Ke8 48. Qe2+ Kd7 49. Kg1 Qb3 50. Qd2+ Ke8 51. Qe3+ Qxe3+
52. Bxe3 1-0

[Event "AniCup, A-Gruppe"]
[Site "Hamburg"]
[Date "2004.12.27"]
[Round "1"]
[White "Feuerstack, Aljoscha"]
[Black "Gaycken, Heiner"]
[Result "1-0"]
[WhiteElo "2286"]
[BlackElo "1928"]
[PlyCount "65"]
[EventDate "2000.??.??"]

1. e4 e6 2. d4 d5 3. Nd2 c5 4. Ngf3 Nc6 5. Bb5 Bd7 6. exd5 exd5 7. O-O Nf6 8.
Re1+ Be7 9. dxc5 O-O 10. Nb3 Bg4 11. c3 Ne4 12. Be3 Rc8 13. Be2 f5 14. Nfd4
Bxe2 15. Qxe2 Qd7 16. Nxc6 Rxc6 17. Bd4 Bh4 18. c4 Rg6 19. Rad1 f4 20. Qh5 Ng5
21. c6 Qxc6 22. cxd5 Qxd5 23. Kh1 Rf5 24. Qxh4 Rh6 25. Qg4 Rg6 26. Re8+ Kf7 27.
Rf8+ Kxf8 28. Bc5+ Qxc5 29. Nxc5 Rxc5 30. Rd8+ Ke7 31. Qd7+ Kf6 32. Rf8+ Ke5
33. Rf5+ 1-0

[Event "AniCup, A-Gruppe"]
[Site "Hamburg"]
[Date "2004.12.27"]
[Round "2"]
[White "Johannsen, Dennis"]
[Black "Murdzia, Peter"]
[Result "0-1"]
[WhiteElo "2106"]
[BlackElo "2454"]
[PlyCount "81"]
[EventDate "2000.??.??"]

1. Nf3 d5 2. g3 Nc6 3. d4 Nf6 4. Bg2 Bf5 5. O-O e6 6. Nbd2 Be7 7. b3 a5 8. a3
O-O 9. Bb2 Ne4 10. Rc1 h6 11. c4 Re8 12. Ne5 Nxe5 13. Nxe4 Nxc4 14. bxc4 Bxe4
15. Bxe4 dxe4 16. Rc3 f5 17. Rb3 b6 18. a4 Bb4 19. Ba3 Qd6 20. Qa1 Bxa3 21.
Rxa3 Rad8 22. e3 e5 23. c5 bxc5 24. dxc5 Qe6 25. Qb1 Rb8 26. Qc2 Red8 27. Rc1
Rb4 28. c6 Kh7 29. Rc3 Rd5 30. Rc5 Rd3 31. Rxa5 Qd6 32. Rc5 Rd2 33. Qc3 Rd1+
34. Kg2 Rxc1 35. Qxc1 Rxa4 36. Rc2 Ra6 37. Rc5 Ra2 38. Qc3 Qd1 39. Qxe5 Qf3+
40. Kh3 Rxf2 41. Qe7 0-1

[Event "AniCup, A-Gruppe"]
[Site "Hamburg"]
[Date "2004.12.27"]
[Round "2"]
[White "Peterwitz, Klaus"]
[Black "Hebbinghaus, Holger"]
[Result "1/2-1/2"]
[WhiteElo "2071"]
[BlackElo "2343"]
[PlyCount "27"]
[EventDate "2000.??.??"]

1. Nf3 Nc6 2. d4 d5 3. e3 Bg4 4. Be2 e6 5. a3 Nf6 6. c4 Be7 7. Nc3 O-O 8. O-O
a6 9. cxd5 exd5 10. h3 Bh5 11. Ne5 Bxe2 12. Nxc6 Bxd1 13. Nxd8 Rfxd8 14. Rxd1
1/2-1/2

[Event "AniCup, A-Gruppe"]
[Site "Hamburg"]
[Date "2004.12.27"]
[Round "2"]
[White "Kurbangulov, Viktor"]
[Black "Feuerstack, Aljoscha"]
[Result "0-1"]
[WhiteElo "2043"]
[BlackElo "2286"]
[PlyCount "98"]
[EventDate "2000.??.??"]

1. d4 Nf6 2. Nf3 c5 3. d5 b5 4. c4 g6 5. b3 Bg7 6. Bb2 O-O 7. e3 d6 8. Bd3 Nbd7
9. O-O Nb6 10. Qc2 Rb8 11. Nbd2 bxc4 12. bxc4 Bd7 13. Rab1 Qc8 14. Ne4 Nxe4 15.
Bxg7 Kxg7 16. Bxe4 Qa6 17. Bd3 Na4 18. Rb3 Rb6 19. Rfb1 Rfb8 20. Ne1 Qc8 21. f4
Rxb3 22. axb3 Nb6 23. Nf3 Qc7 24. f5 a5 25. g4 a4 26. bxa4 Nxa4 27. Rxb8 Qxb8
28. fxg6 hxg6 29. g5 Qb4 30. h4 Bg4 31. Kf2 Nb2 32. Kg3 Bd7 33. Be2 Bf5 34. e4
Bd7 35. Kf2 Ba4 36. Qd2 Qb3 37. Qe3 Nxc4 38. Qxb3 Bxb3 39. Bxc4 Bxc4 40. Ke3
Bb3 41. Kd3 f5 42. Nd2 fxe4+ 43. Kxe4 Bc2+ 44. Kf4 Bd3 45. Ke3 Ba6 46. Nb1 Kf7
47. Nc3 e6 48. Kf4 Bb7 49. Ne4 Ke7 0-1

[Event "AniCup, A-Gruppe"]
[Site "Hamburg"]
[Date "2004.12.27"]
[Round "2"]
[White "Putzbach, Gerd"]
[Black "Denker, Stephan"]
[Result "1-0"]
[WhiteElo "2244"]
[BlackElo "1866"]
[PlyCount "47"]
[EventDate "2000.??.??"]

1. e4 Nc6 2. Nf3 d5 3. exd5 Qxd5 4. Nc3 Qa5 5. Bb5 Bd7 6. O-O O-O-O 7. Re1 Nf6
8. d3 a6 9. Bc4 Bg4 10. Bxf7 Nd4 11. Be3 Nxf3+ 12. gxf3 Bh3 13. Bf4 Qb6 14. Bb3
Nh5 15. Bg3 Qg6 16. Qe2 e5 17. Qe4 Bf5 18. Qxe5 Nxg3 19. hxg3 Kb8 20. Be6 Bxe6
21. Qxe6 Qh5 22. Kg2 Bd6 23. Ne4 Rhf8 24. Qg4 1-0

[Event "AniCup, A-Gruppe"]
[Site "Hamburg"]
[Date "2004.12.27"]
[Round "2"]
[White "Ueckermann, Stefan"]
[Black "Neumann, Michael"]
[Result "0-1"]
[WhiteElo "2026"]
[BlackElo "2226"]
[PlyCount "64"]
[EventDate "2000.??.??"]

1. e4 c5 2. d4 cxd4 3. c3 dxc3 4. Nxc3 e6 5. Nf3 a6 6. Bc4 b5 7. Bb3 Bb7 8. Qe2
d6 9. O-O Nd7 10. Rd1 Be7 11. Be3 Ngf6 12. Bf4 Qb8 13. a3 O-O 14. Rd2 Nc5 15.
Bc2 e5 16. Bg3 Rd8 17. b4 Ne6 18. Rad1 Qc7 19. Nd5 Bxd5 20. exd5 Nf8 21. Rc1
Qb7 22. Bb3 Rac8 23. Rdc2 N8d7 24. Rc6 Nb8 25. R6c2 g6 26. h3 Kg7 27. Nh2 Nh5
28. Nf1 Bg5 29. Rxc8 Rxc8 30. Rxc8 Qxc8 31. Qc2 Qxc2 32. Bxc2 Nd7 0-1

[Event "AniCup, A-Gruppe"]
[Site "Hamburg"]
[Date "2004.12.28"]
[Round "3"]
[White "Feuerstack, Aljoscha"]
[Black "Neumann, Michael"]
[Result "1/2-1/2"]
[WhiteElo "2286"]
[BlackElo "2226"]
[PlyCount "77"]
[EventDate "2000.??.??"]

1. e4 c5 2. c3 g6 3. d4 cxd4 4. cxd4 d5 5. exd5 Nf6 6. Nc3 Nxd5 7. Qb3 Nxc3 8.
Bc4 e6 9. bxc3 Bg7 10. Ba3 Qg5 11. Kf1 Bf8 12. Nf3 Qf6 13. Bb2 Bd6 14. Bb5+ Nd7
15. Ne5 Qd8 16. h4 O-O 17. Nf3 Nf6 $11 {(Remisangebot)} 18. Bd3 b6 19. Bc1 Qc7
20. Bh6 Re8 21. Ng5 Ng4 22. h5 Nxh6 23. hxg6 hxg6 24. Rxh6 Bf4 25. Nxf7 Bxh6
26. Nxh6+ Kg7 27. Ng4 Qf4 28. Ne5 g5 29. Qc4 Qf6 30. Qc6 Qe7 31. Qe4 Kg8 32.
Ke2 Bb7 33. Qg6+ Qg7 34. Qh5 Rf8 35. Rh1 Rf6 36. Ng6 Bxg2 37. Ne7+ Kf8 38. Ng6+
Kg8 39. Ne7+ 1/2-1/2

[Event "AniCup, A-Gruppe"]
[Site "Hamburg"]
[Date "2004.12.28"]
[Round "3"]
[White "Meyner, Hannes"]
[Black "Peterwitz, Klaus"]
[Result "0-1"]
[WhiteElo "1969"]
[BlackElo "2071"]
[PlyCount "118"]
[EventDate "2000.??.??"]

1. d4 Nf6 2. Nf3 d5 3. c4 e6 4. cxd5 exd5 5. Nc3 c6 6. Qc2 h6 7. Bf4 Bd6 8.
Bxd6 Qxd6 9. e3 Be6 10. Bd3 Nbd7 11. h3 a6 12. O-O O-O 13. Rac1 Rfe8 14. Rfd1
Rac8 15. Qb1 Qb8 16. Na4 Ne4 17. b4 b5 18. Nc5 Ndxc5 19. dxc5 Bf5 20. Nd4 Bh7
21. Qb2 Nf6 22. Bxh7+ Kxh7 23. Nf5 Re6 24. Nd6 Rc7 25. Qc2+ Kg8 26. Rd4 Rce7
27. Nf5 Re8 28. Nd6 R8e7 29. Nf5 Re8 $11 {(Remisangebot)} 30. Rf4 Rf8 31. Nd4
Re4 32. Rxe4 dxe4 33. Nxc6 Qc7 34. Nd4 Rb8 35. Nf5 Qe5 36. Nd6 Qe6 37. Rd1 Rd8
38. c6 Ne8 39. c7 Rxd6 40. c8=Q Rxd1+ 41. Kh2 Qe5+ 42. g3 Rd6 43. Q2c3 Qxc3 44.
Qxc3 Re6 45. Qc8 g6 46. g4 Kg7 47. h4 Nf6 48. Qc3 Kh7 49. Kg3 h5 50. g5 Ng4 51.
Qd4 Kg8 52. Qd8+ Kg7 53. Qa8 Re5 54. Qxa6 Rf5 55. Qc8 Rf3+ 56. Kg2 Rxf2+ 57.
Kg1 Rf5 58. Qc3+ Kh7 59. Qb3 Ne5 {Zeitueberschreitung (Weiss)} 0-1

[Event "AniCup, A-Gruppe"]
[Site "Hamburg"]
[Date "2004.12.28"]
[Round "3"]
[White "Hebbinghaus, Holger"]
[Black "Moritzen Christian"]
[Result "1-0"]
[WhiteElo "2343"]
[BlackElo "1713"]
[PlyCount "51"]
[EventDate "2000.??.??"]

1. e4 c5 2. Nc3 Nc6 3. Bb5 e6 4. Bxc6 bxc6 5. d3 d5 6. f4 Nf6 7. e5 Nd7 8. Nf3
Be7 9. O-O Ba6 10. b3 c4 11. bxc4 dxc4 12. d4 Nb6 13. Ne4 c3 14. Rf2 Na4 15.
Qe1 Qa5 16. f5 O-O-O 17. fxe6 fxe6 18. Bg5 Bxg5 19. Nexg5 Rdf8 20. Nxe6 Rf7 21.
Nfg5 Rxf2 22. Qxf2 Qd5 23. Nf7 Qxe6 24. Nxh8 Bc4 25. Qf8+ Kb7 26. Qxg7+ 1-0

[Event "AniCup, A-Gruppe"]
[Site "Hamburg"]
[Date "2004.12.28"]
[Round "3"]
[White "Maahs, Erich"]
[Black "Jürgens, Bernhard"]
[Result "1/2-1/2"]
[WhiteElo "2147"]
[BlackElo "2066"]
[PlyCount "81"]
[EventDate "2000.??.??"]

1. e4 e6 2. d4 d5 3. Nd2 Nf6 4. e5 Nfd7 5. Bd3 c5 6. c3 Nc6 7. Ne2 cxd4 8. cxd4
f6 9. f4 fxe5 10. fxe5 Nxd4 11. Nxd4 Qh4+ 12. g3 Qxd4 13. Nf3 Bb4+ 14. Kf1 Qg4
15. Kg2 O-O 16. Bxh7+ Kh8 17. Bc2 Qh5 18. a3 Be7 19. Re1 b6 20. h3 Ba6 21. g4
Qf7 22. Bd3 Bxd3 23. Qxd3 Nc5 24. Qe2 Ne4 25. Be3 Bc5 26. Rf1 Qd7 27. Nh4 Kh7
28. Rad1 Qe7 29. Nf3 Rac8 30. Bd4 Qd7 31. Qd3 Kg8 32. Qe2 Rf4 33. Be3 Bxe3 34.
Qxe3 Rc2+ 35. Kg1 Rf8 36. Qxe4 dxe4 37. Rxd7 exf3 38. Rxa7 Rg2+ 39. Kh1 Rg3 40.
Kh2 Rg2+ 41. Kh1 1/2-1/2

[Event "AniCup, A-Gruppe"]
[Site "Hamburg"]
[Date "2004.12.28"]
[Round "4"]
[White "Hebbinghaus, Holger"]
[Black "Murdzia, Peter"]
[Result "0-1"]
[WhiteElo "2343"]
[BlackElo "2454"]
[PlyCount "64"]
[EventDate "2000.??.??"]

1. e4 Nf6 2. e5 Nd5 3. d4 d6 4. c4 Nb6 5. exd6 exd6 6. Nc3 Be7 7. Bd3 O-O 8.
Nge2 c5 9. d5 N8d7 10. b3 Re8 11. O-O Bf6 12. Bf4 Ne5 13. Ne4 Bf5 14. Nxf6+
Qxf6 15. Bxf5 Qxf5 16. Bxe5 Rxe5 17. Ng3 Qf6 18. Re1 Rae8 19. Rxe5 Qxe5 20. Rc1
Nd7 21. Qd2 g6 22. Qa5 Nf6 23. Qxa7 Ng4 24. Rf1 Qd4 25. Qa5 b6 26. Qxb6 Nxf2
27. h3 Ne4+ 28. Kh2 Nxg3 29. Kxg3 Qe5+ 30. Kh4 g5+ 31. Kh5 Qg3 32. Qc7 Qh4# 0-1

[Event "AniCup, A-Gruppe"]
[Site "Hamburg"]
[Date "2004.12.28"]
[Round "4"]
[White "Neumann, Michael"]
[Black "Peterwitz, Klaus"]
[Result "1/2-1/2"]
[WhiteElo "2226"]
[BlackElo "2071"]
[PlyCount "180"]
[EventDate "2000.??.??"]

1. e4 d5 2. exd5 Qxd5 3. Nc3 Qa5 4. d4 c6 5. Nf3 Nf6 6. Bc4 Bf5 7. Bd2 e6 8.
Nd5 Qd8 9. Nxf6+ gxf6 10. c3 Nd7 11. Nh4 Bg6 12. Qf3 Qc7 13. Qh3 Bg7 14. O-O
O-O 15. Bb3 f5 16. g3 Nf6 17. Bf4 Qe7 18. Rfe1 Qd7 19. Be5 Ng4 20. Bxg7 Kxg7
21. Ng2 Nf6 22. Nf4 Rfe8 23. Rad1 Rad8 24. Qg2 Qd6 25. Qf3 Nd5 26. Nd3 Nf6 27.
Nf4 Nd5 28. Bxd5 cxd5 29. h4 h6 30. Re2 b5 $11 {(Remisangebot)} 31. a3 a6 32.
Rde1 Re7 33. Re5 Rdd7 34. R1e3 Qc7 35. Qe2 Qc6 36. Nd3 Rd6 37. Nf4 Rdd7 38. Kg2
Rd6 39. Kh3 Rdd7 40. Nxg6 Kxg6 41. g4 f4 42. Qd3+ Kg7 43. Re1 f6 44. Rh5 e5 45.
dxe5 fxe5 46. Rhxe5 Rxe5 47. Qd4 Kh7 48. Rxe5 Qc4 49. Qxc4 dxc4 50. a4 bxa4 51.
Re4 Rd2 52. Rxc4 Rxf2 53. Rxa4 Rxb2 54. Rxf4 Rb3 55. Rc4 a5 56. Kg3 a4 57. Rxa4
Rxc3+ 58. Kf4 Rc5 59. Ra7+ Kg8 60. Re7 Rb5 61. Re5 Rb6 62. Kf5 Kf7 63. Rc5 Rf6+
64. Ke4 Re6+ 65. Kf4 Rd6 66. Rf5+ Kg6 67. Re5 Rd4+ 68. Re4 Rd6 69. h5+ Kf6 70.
Ra4 Rb6 71. Ra8 Rb4+ 72. Kg3 Kg7 73. Ra6 Rc4 74. Re6 Rb4 75. Kf3 Rc4 76. Re7+
Kg8 77. Re4 Rc5 78. Kf4 Kg7 79. Re7+ Kg8 80. Re5 Rc6 81. Re7 Rf6+ 82. Ke5 Rf1
83. Re6 Kh7 84. Rf6 Rg1 85. Kf5 Rf1+ 86. Ke6 Rg1 87. Rf7+ Kg8 88. Rf4 Kg7 89.
Rd4 Re1+ 90. Kf5 Rf1+ 1/2-1/2

[Event "AniCup, A-Gruppe"]
[Site "Hamburg"]
[Date "2004.12.28"]
[Round "4"]
[White "Van Delft, Merijn"]
[Black "Feuerstack, Aljoscha"]
[Result "1/2-1/2"]
[WhiteElo "2385"]
[BlackElo "2286"]
[PlyCount "53"]
[EventDate "2000.??.??"]

1. d4 d5 2. Nf3 e6 3. c4 c6 4. Qc2 f5 5. g3 Nf6 6. Bg2 Bd6 7. O-O O-O 8. b3 Qe7
9. a4 a5 10. Ba3 Bxa3 11. Nxa3 b6 12. Rac1 Na6 13. Ne5 Bb7 14. cxd5 cxd5 15.
Nb5 Rfc8 16. Qd2 Qf8 17. h3 Ne4 18. Bxe4 dxe4 19. Rxc8 Rxc8 20. Rc1 Bd5 21. Rc3
Qd8 22. Qc1 Rxc3 23. Qxc3 Bb7 24. e3 Nb4 25. Qc7 Qxc7 26. Nxc7 Bd5 27. Nc4
1/2-1/2

[Event "AniCup, A-Gruppe"]
[Site "Hamburg"]
[Date "2004.12.28"]
[Round "4"]
[White "Putzbach, Gerd"]
[Black "Kurbangulov, Viktor"]
[Result "1-0"]
[WhiteElo "2244"]
[BlackElo "2043"]
[PlyCount "43"]
[EventDate "2000.??.??"]

1. e4 c5 2. Nf3 d6 3. d4 cxd4 4. Nxd4 Nf6 5. Nc3 e6 6. Be3 Be7 7. f3 O-O 8. Qd2
Nc6 9. O-O-O a6 10. g4 Qc7 11. g5 Nh5 12. f4 g6 13. Be2 Ng7 14. h4 f5 15. gxf6
Bxf6 16. Nxc6 Qxc6 17. Qxd6 Bxc3 18. Qxc6 Bxb2+ 19. Kxb2 bxc6 20. Bc5 Rxf4 21.
Rd8+ Kf7 22. Rf8# 1-0

[Event "AniCup, A-Gruppe"]
[Site "Hamburg"]
[Date "2004.12.28"]
[Round "4"]
[White "Michaelow, Sergej"]
[Black "Carlstedt, Jonathan"]
[Result "1-0"]
[WhiteElo "2173"]
[BlackElo "1999"]
[PlyCount "83"]
[EventDate "2000.??.??"]

1. e4 c5 2. Nc3 Nc6 3. g3 g6 4. Bg2 Bg7 5. Nge2 e6 6. d3 Nge7 7. Nf4 O-O 8. h4
e5 9. Nfd5 d6 10. h5 Nxd5 11. Nxd5 Be6 12. c3 Qd7 13. Bh6 Bxd5 14. exd5 Nd8 15.
Bxg7 Kxg7 16. Qd2 b5 17. O-O-O Nb7 {(=)} 18. hxg6 fxg6 19. Bh3 Qe7 20. Be6 g5
21. Rh5 h6 22. Rdh1 Qf6 23. Kb1 Rh8 24. f4 Kg6 25. Qe2 Kg7 26. Qg4 exf4 27.
gxf4 Qxf4 28. Qxf4 gxf4 29. Rg1+ Kf8 30. Rf5+ Ke8 31. Rg7 Rb8 32. Rxf4 h5 33.
Rff7 Na5 34. Rxa7 h4 35. Bh3 Kf8 36. Rgf7+ Ke8 37. b4 cxb4 38. cxb4 Nc4 39.
dxc4 bxc4 40. a3 c3 41. Kc2 Rg8 42. Rh7 1-0

[Event "AniCup, A-Gruppe"]
[Site "Hamburg"]
[Date "2004.12.28"]
[Round "5"]
[White "Murdzia, Peter"]
[Black "Neumann, Michael"]
[Result "1/2-1/2"]
[WhiteElo "2454"]
[BlackElo "2226"]
[PlyCount "25"]
[EventDate "2000.??.??"]

1. e4 c5 2. Nf3 g6 3. d4 Bg7 4. dxc5 Qa5+ 5. c3 Qxc5 6. Na3 Nf6 7. Nb5 b6 8.
Be3 Qc6 9. Bd3 O-O 10. O-O a6 11. Nbd4 Qc7 12. Re1 d6 13. Ne2 1/2-1/2

[Event "AniCup, A-Gruppe"]
[Site "Hamburg"]
[Date "2004.12.29"]
[Round "5"]
[White "Feuerstack, Aljoscha"]
[Black "Michaelow, Sergej"]
[Result "1/2-1/2"]
[WhiteElo "2286"]
[BlackElo "2173"]
[PlyCount "49"]
[EventDate "2000.??.??"]

1. e4 d6 2. d4 g6 3. Nc3 Bg7 4. Be3 Nf6 5. f3 Nc6 6. Qd2 a6 7. g4 e5 8. Nge2
Bxg4 9. fxg4 Nxg4 10. Bg5 f6 11. h3 exd4 12. hxg4 dxc3 13. Qxc3 Qe7 14. Bh6
Bxh6 15. Rxh6 Qxe4 16. g5 Nb4 17. Bg2 Nxc2+ 18. Kd2 Qxg2 19. Qxf6 Qd5+ 20. Kxc2
Rf8 21. Qd4 Qf5+ 22. Qd3 Qc5+ 23. Qc3 Qf5+ 24. Qd3 Qc5+ 25. Qc3 1/2-1/2

[Event "AniCup, A-Gruppe"]
[Site "Hamburg"]
[Date "2004.12.29"]
[Round "5"]
[White "Maahs, Erich"]
[Black "Putzbach, Gerd"]
[Result "0-1"]
[WhiteElo "2147"]
[BlackElo "2244"]
[PlyCount "54"]
[EventDate "2000.??.??"]

1. e4 c5 2. Nf3 e6 3. d4 cxd4 4. Nxd4 Nf6 5. Bd3 Nc6 6. Nxc6 bxc6 7. O-O e5 8.
b3 Bc5 9. Bb2 Qe7 10. Nd2 O-O 11. Qe2 d6 12. h3 Re8 13. Kh1 g6 14. Nc4 Nh5 15.
Bc1 d5 16. Nb2 Qh4 17. Kh2 Bd4 18. Rb1 f5 19. g3 Qf6 20. exd5 cxd5 21. f3 f4
22. gxf4 Nxf4 23. Bxf4 Qxf4+ 24. Kg2 Qh4 25. Rh1 Qg5+ 26. Kf1 Bxh3+ 27. Ke1
Bc3+ 0-1

[Event "AniCup, A-Gruppe"]
[Site "Hamburg"]
[Date "2004.12.29"]
[Round "5"]
[White "Van Delft, Merijn"]
[Black "Johannsen, Dennis"]
[Result "1-0"]
[WhiteElo "2385"]
[BlackElo "2106"]
[PlyCount "87"]
[EventDate "2000.??.??"]

1. e4 c6 2. d4 d5 3. Nd2 dxe4 4. Nxe4 Bf5 5. Ng3 Bg6 6. h4 h6 7. Nf3 Nd7 8. h5
Bh7 9. Bd3 Bxd3 10. Qxd3 Ngf6 11. Bf4 Qa5+ 12. Bd2 Qc7 13. O-O-O e6 14. Ne4
Nxe4 15. Qxe4 Nf6 16. Qe2 Bd6 $11 17. Kb1 O-O-O 18. c4 c5 19. Bc3 cxd4 20. Nxd4
a6 21. Rc1 Bf4 22. Rc2 Rd7 23. g3 Bd6 24. c5 Be5 25. c6 Rd5 26. cxb7+ Kxb7 27.
Rhc1 Qb6 28. Nb3 Bxc3 29. Rxc3 Rhd8 30. Nc5+ Ka7 31. Nxa6 Rb5 32. Nc5 Rd5 33.
Ra3+ Ra5 34. Rb3 Raxc5 35. Rxb6 Rxc1+ 36. Kxc1 Kxb6 37. g4 Rd4 38. f3 Nd5 39.
a3 Rf4 40. Kb1 Kc5 41. Ka2 Kd6 42. Qd3 Ke7 43. b4 Nb6 44. Qc3 1-0

[Event "AniCup, A-Gruppe"]
[Site "Hamburg"]
[Date "2004.12.29"]
[Round "6"]
[White "Putzbach, Gerd"]
[Black "Peterwitz, Klaus"]
[Result "1/2-1/2"]
[WhiteElo "2244"]
[BlackElo "2071"]
[PlyCount "165"]
[EventDate "2000.??.??"]

1. e4 d5 2. exd5 Qxd5 3. Nc3 Qa5 4. d4 c6 5. Bc4 Bf5 6. Nge2 e6 7. O-O Nd7 8.
Ng3 Bg6 9. Bf4 Ngf6 10. a3 Be7 11. Qd2 Qd8 12. Rad1 O-O 13. Rfe1 Nb6 14. Bb3
Nbd5 15. Be5 Nxc3 16. Qxc3 Qb6 17. Qf3 Rad8 18. c4 Rd7 19. Qc3 Ng4 20. c5 Qd8
21. f4 Nxe5 22. fxe5 Bh4 23. Re3 Bxg3 24. Rxg3 Qh4 25. h3 Bh5 {(=)} 26. Rdd3
Rfd8 27. d5 exd5 28. Rd4 Qe7 29. Rxg7+ Kxg7 30. e6 Qf6 31. exd7 Rxd7 32. Bc2
Bg6 33. Bd1 Re7 34. Bf3 Qe5 35. Kf2 Be4 36. Bxe4 dxe4 37. Rxe4 Qxc3 38. Rg4+
Kf6 39. bxc3 Re5 40. Rb4 Rxc5 41. Rxb7 a6 42. Rb3 a5 43. a4 Rc4 44. Ra3 Re4 45.
Kf3 Ke5 46. Ra2 Rc4 47. Ra3 Re4 48. g4 Kd5 49. h4 Re6 50. h5 Rf6+ 51. Ke3 h6
52. Ra1 Kc4 53. Rg1 Kxc3 54. g5 hxg5 55. Rxg5 Kb4 56. Rg4+ Kc5 57. Ke4 Rh6 58.
Rh4 f6 59. Kf5 Kd5 60. Rh1 c5 61. Kg4 c4 62. Kf4 Kd4 63. Rd1+ Kc3 64. Rd5 Kb4
65. Rf5 Kxa4 66. Ke3 Kb4 67. Kd2 a4 68. Kc2 a3 69. Rd5 Rh8 70. Rf5 Ra8 71. Kb1
Rg8 72. Rxf6 Rg1+ 73. Ka2 Rg2+ 74. Kb1 Rh2 75. h6 a2+ 76. Ka1 c3 77. h7 Rxh7
78. Kxa2 Rh2+ 79. Kb1 Kb3 80. Rb6+ Kc4 81. Rc6+ Kd4 82. Rd6+ Kc4 83. Rc6+
1/2-1/2

[Event "AniCup, A-Gruppe"]
[Site "Hamburg"]
[Date "2004.12.29"]
[Round "6"]
[White "Michaelow, Sergej"]
[Black "Van Delft, Merijn"]
[Result "0-1"]
[WhiteElo "2173"]
[BlackElo "2385"]
[PlyCount "130"]
[EventDate "2000.??.??"]

1. Nf3 Nf6 2. c4 g6 3. g3 Bg7 4. Bg2 O-O 5. Nc3 d6 6. O-O Nc6 7. d3 e5 8. Rb1
a5 9. h3 Nd4 10. Ne1 c6 11. e3 Nf5 12. e4 Nd4 13. Nc2 Nxc2 14. Qxc2 Nh5 15. Qd1
Qe8 16. c5 dxc5 17. Na4 Nf6 18. Be3 Nd7 19. Nxc5 Qe7 20. Na4 b5 21. Nc3 Nc5 22.
Rc1 Ne6 23. f4 exf4 24. gxf4 Bd4 25. Bxd4 Nxd4 26. Ne2 Qa7 27. Kh2 Be6 28. f5
Bxa2 29. Qd2 Nxe2 30. Qxe2 Qd4 31. e5 Rae8 32. Rce1 f6 33. e6 gxf5 34. e7 Rf7
35. Rxf5 Rexe7 36. Be4 Rg7 37. Ref1 Kh8 38. Rxf6 Bg8 39. Qf2 Qe5+ 40. Kh1 Re6
41. Rf5 Qd6 42. Qf4 Qxf4 43. R5xf4 Rh6 44. Kh2 Be6 45. R1f3 Bd5 46. Rf8+ Rg8
47. Bxd5 cxd5 48. R3f7 $11 Re6 49. Rf2 Rxf8 50. Rxf8+ Kg7 51. Rd8 Re2+ 52. Kg3
Re3+ 53. Kf4 Rxd3 54. h4 Kg6 55. Rd6+ Kh5 56. Ke5 Kxh4 57. Rd7 Kg3 58. Rxh7 Rb3
59. Rf7 Rxb2 60. Kxd5 a4 61. Kd4 a3 62. Rf8 a2 63. Ra8 b4 64. Kc4 b3 65. Kc3
Rb1 0-1

[Event "AniCup, A-Gruppe"]
[Site "Hamburg"]
[Date "2004.12.29"]
[Round "6"]
[White "Neumann, Michael"]
[Black "Meyner, Hannes"]
[Result "1-0"]
[WhiteElo "2226"]
[BlackElo "1969"]
[PlyCount "61"]
[EventDate "2000.??.??"]

1. e4 c6 2. c4 d5 3. cxd5 cxd5 4. exd5 Nf6 5. Nc3 g6 6. Bc4 Bg7 7. Nf3 O-O 8.
O-O Nbd7 9. d3 Nb6 10. Qb3 a5 $11 11. Be3 Nfd7 12. Rad1 a4 13. Qb4 a3 14. b3
Bxc3 15. Qxc3 Nf6 16. Bh6 Re8 17. Bb5 $11 Bd7 18. Bxd7 Qxd7 19. Ne5 Qf5 20.
Rfe1 Nbxd5 21. Qd2 Rad8 22. h3 Rd6 23. Rc1 Nd7 24. Nxd7 Qxd7 25. Qa5 Ra6 26.
Qc5 Qd6 27. Qd4 f6 28. h4 Rc6 29. Rc4 Rec8 30. Rxc6 Qxc6 31. Rc1 1-0

[Event "AniCup, A-Gruppe"]
[Site "Hamburg"]
[Date "2004.12.29"]
[Round "6"]
[White "Hermesmann, Hans"]
[Black "Jürgens, Bernhard"]
[Result "1-0"]
[WhiteElo "2300"]
[BlackElo "2066"]
[PlyCount "23"]
[EventDate "2000.??.??"]

1. d4 f5 2. c4 Nf6 3. Nc3 d6 4. Nf3 g6 5. Bf4 Bg7 6. e3 Nbd7 7. Qb3 Nh5 8. Ng5
Nf8 9. c5 h6 10. Qf7+ Kd7 11. cxd6 hxg5 12. dxc7 1-0

[Event "AniCup, A-Gruppe"]
[Site "Hamburg"]
[Date "2004.12.30"]
[Round "7"]
[White "Murdzia, Peter"]
[Black "Van Delft, Merijn"]
[Result "1/2-1/2"]
[WhiteElo "2454"]
[BlackElo "2385"]
[PlyCount "26"]
[EventDate "2000.??.??"]

1. e4 c6 2. d4 d5 3. Nd2 dxe4 4. Nxe4 Bf5 5. Ng3 Bg6 6. Nf3 Nd7 7. h4 h6 8. h5
Bh7 9. Bd3 Bxd3 10. Qxd3 e6 11. Bf4 Qa5+ 12. Bd2 Qc7 13. O-O-O Ngf6 1/2-1/2